Object recognition: Fundamentals and case studies with 133 illustrations

Wedi'i Gadw mewn:
Manylion Llyfryddiaeth
Prif Awdur: M. Bennamoun
Fformat: Llyfr
Iaith:Undetermined
Cyhoeddwyd: London, Eng Springer 2002
Pynciau:
Tagiau: Ychwanegu Tag
Dim Tagiau, Byddwch y cyntaf i dagio'r cofnod hwn!
Thư viện lưu trữ: Trung tâm Học liệu Trường Đại học Cần Thơ
LEADER 00568nam a2200193Ia 4500
001 CTU_58781
008 210402s9999 xx 000 0 und d
020 |b 106 
082 |a 621.367 
082 |b B469 
100 |a M. Bennamoun 
245 0 |a Object recognition: Fundamentals and case studies with 133 illustrations 
245 0 |c M. Bennamoun and G. J. Mamic 
260 |a London, Eng 
260 |b Springer 
260 |c 2002 
650 |a image processing,pattern recognition systems 
904 |i Minh 
980 |a Trung tâm Học liệu Trường Đại học Cần Thơ